000 00546nam a2200229Ia 4500
003 OSt
005 20230503135206.0
008 210423s2002 xx 000 0 und d
020 _a8120413997
040 _cAL
041 _aeng
082 _a589.222 BAHN
100 _aBAHL (Nita).
_997040
245 _aHand book on mushrooms.
250 _a4
260 _aNew Delhi
_bOxford University Press
_c2002
300 _axi,166
_bPB
365 _b120
_cINR
650 _aThallophyta
_997041
906 _aHand ; mushrooms.
942 _2ddc
_cBK
999 _c163084
_d163084